UBT Library

Auto CAD 14 (Record no. 55918)

000 -LEADER
fixed length control field 00306nam a22001457a 4500
008 - FIXED-LENGTH DATA ELEMENTS--GENERAL INFORMATION
fixed length control field 210308b ||||| |||| 00| 0 eng d
020 ## - INTERNATIONAL STANDARD BOOK NUMBER
International Standard Book Number 9780782121094
041 ## - LANGUAGE CODE
Language code of text/sound track or separate title eng
080 ## - UNIVERSAL DECIMAL CLASSIFICATION NUMBER
Edition identifier 72
Universal Decimal Classification number 72
082 ## - DEWEY DECIMAL CLASSIFICATION NUMBER
Edition number 72
100 ## - Rafti
Rafti 41
101 ## - Shkurtesa
Shkurtesa ARK
245 ## - TITLE STATEMENT
Title Auto CAD 14
Statement of responsibility, etc George Omura
942 ## - ADDED ENTRY ELEMENTS (KOHA)
Source of classification or shelving scheme
Item type Books
Holdings
Withdrawn status Lost status Source of classification or shelving scheme Damaged status Not for loan Collection code Permanent location Current location Shelving location Date acquired Total Checkouts Full call number Barcode Date last seen Copy number Price effective from Koha item type
          Koleksioni i përgjithshem UBT - Lipjan UBT - Lipjan Koleksioni i përgjithshem 03/08/2021   72 GEO 002-7000933 03/08/2021 72 GEO 03/08/2021 Books
UBT Library © 2015-2024. All rights reserved University Education for Business and Technology